[Event "PriFR-ch (Women) 10th"]
[Site "Perm"]
[Date "2011.01.07"]
[Round "5"]
[White "Baranova, Margarita"]
[Black "Fedotova, Ekaterina"]
[Result "1/2-1/2"]
[WhiteElo "1788"]
[BlackElo "1641"]
[PlyCount "40"]
[EventDate "2011.01.04"]
[EventType "swiss"]
[EventRounds "9"]
[EventCountry "RUS"]
[SourceTitle "EXT 2022"]
[Source "ChessBase"]
[SourceDate "2021.10.06"]
[SourceVersion "1"]
[SourceVersionDate "2021.10.06"]
[SourceQuality "1"]

1. e4 c5 2. Nf3 Nc6 3. Nc3 d6 4. Bb5 Bd7 5. d4 cxd4 6. Nxd4 Nf6 7. Bxc6 bxc6 8. 0-0 g6 9. h3 Bg7 10. a3 0-0 11. Nf3 Ne8 12. Ne2 Rb8 13. c3 c5 14. Ng3 Bc6 15. Re1 e6 16. Qe2 Nc7 17. Be3 Nb5 18. Rac1 a5 19. Red1 Qc7 20. c4 Na7 1/2-1/2

[Event "PriFR-ch (Women) 10th"]
[Site "Perm"]
[Date "2011.01.05"]
[Round "3"]
[White "Baranova, Margarita"]
[Black "Neuymina, Nadezhda"]
[Result "1/2-1/2"]
[WhiteElo "1788"]
[BlackElo "1716"]
[PlyCount "31"]
[EventDate "2011.01.04"]
[EventType "swiss"]
[EventRounds "9"]
[EventCountry "RUS"]
[SourceTitle "EXT 2022"]
[Source "ChessBase"]
[SourceDate "2021.10.06"]
[SourceVersion "1"]
[SourceVersionDate "2021.10.06"]
[SourceQuality "1"]

1. d4 Nf6 2. g3 g6 3. Bg2 Bg7 4. e4 d6 5. Ne2 0-0 6. 0-0 c5 7. Nbc3 Nc6 8. d5 Ne5 9. b3 Bg4 10. f3 Bd7 11. Bf4 Qb6 12. a3 Rfc8 13. Be3 Qc7 14. a4 a6 15. Na2 Rab8 16. c4 1/2-1/2

[Event "Perm op 02"]
[Site "Perm"]
[Date "2010.03.09"]
[Round "9"]
[White "Fedotova, Asia P"]
[Black "Baranova, Margarita"]
[Result "0-1"]
[WhiteElo "2014"]
[BlackElo "1630"]
[PlyCount "94"]
[EventDate "2010.02.27"]
[EventType "swiss"]
[EventRounds "9"]
[EventCountry "RUS"]
[SourceTitle "EXT 2011"]
[Source "ChessBase"]
[SourceDate "2010.11.26"]
[SourceVersion "1"]
[SourceVersionDate "2010.11.26"]
[SourceQuality "1"]

1. c4 c5 2. Nc3 Nc6 3. g3 g6 4. Bg2 Bg7 5. d3 e6 6. e4 Nge7 7. Nge2 0-0 8. 0-0 a6 9. Rb1 Rb8 10. Be3 d6 11. d4 Qa5 12. dxc5 dxc5 13. Qa4 Re8 14. Qxa5 Nxa5 15. b3 b6 16. Rfd1 Rb7 17. f4 Rd7 18. Rxd7 Bxd7 19. Rd1 Bc6 20. e5 Nf5 21. Bf2 Kf8 22. Bxc6 Nxc6 23. Rd7 Rd8 24. Rb7 Rb8 25. Rd7 Ke8 26. Rd1 Bf8 27. h4 Nfd4 28. Nxd4 Nxd4 29. Bxd4 cxd4 30. Ne2 Bc5 31. Kf1 Rd8 32. Nc1 Kd7 33. Nd3 Kc6 34. b4 Be7 35. a4 a5 36. b5+ Kc7 37. Ke2 h5 38. Rc1 Kb7 39. c5 bxc5 40. Nxc5+ Kb6 41. Nb3 d3+ 42. Kd1 Bb4 43. Rc6+ Kb7 44. Nd2 Rd4 45. Nb3 Re4 46. Nd2 Re2 47. Nb3 Re1# 0-1